000 00468nmm a2200145Ia 4500
008 251105s9999||||xx |||||||||||||||||und||
041 _aspa
100 _aSánchez Testón, María
245 0 _aAnálisis y escritura de guiones de cine
264 _a[Madrid, España] :
_bMinisterio de Educación, Cultura y Deporte de España,
_c2017
300 _a116 páginas
650 _aFilm studies
856 _uhttps://public.digitaliapublishing.com/a/60332
942 _cCF
999 _c106384
_d106384